Regionálne nerovnosti v Číne a ich vplyv na vývoj medzinárodnej nerovnosti

Regionálne príjmové nerovnosti v Číne. Faktory ovplyvňujúce vývoj regionálnych príjmových nerovností v Číne. Politika regionálneho rozvoja. Globalizácia a liberalizácia ekonomiky. Deformácie trhu výrobných faktorov. Špecifické podmienky jednotlivých regiónov. Vplyv Číny na vývoj svetovej nerovnosti....

Descripción completa

Guardado en:
Detalles Bibliográficos
Autor principal: Fertaľová, Mária
Formato: Capítulo de libro
Lenguaje:eslovaco
Materias:
Etiquetas: Agregar Etiqueta
Sin Etiquetas, Sea el primero en etiquetar este registro!

MARC

LEADER 00000nla$a2200000$$$4500
001 0091638
005 20240502083232.8
041 0 |a slo 
044 |a CZ 
245 1 0 |a Regionálne nerovnosti v Číne a ich vplyv na vývoj medzinárodnej nerovnosti  |c Mária Fertaľová 
520 |a Regionálne príjmové nerovnosti v Číne. Faktory ovplyvňujúce vývoj regionálnych príjmových nerovností v Číne. Politika regionálneho rozvoja. Globalizácia a liberalizácia ekonomiky. Deformácie trhu výrobných faktorov. Špecifické podmienky jednotlivých regiónov. Vplyv Číny na vývoj svetovej nerovnosti. Politiky budúceho rozvoja Číny. 
610 2 0 |a situácia hospodárska 
610 2 0 |a rast hospodársky 
610 2 0 |a regióny 
610 2 0 |a rozvoj regionálny 
610 2 0 |a príjmy 
610 2 0 |a spotreba 
610 2 0 |a investície zahraničné 
610 2 0 |a aglomerácie priemyselné 
610 2 0 |a trh 
610 2 0 |a liberalizácia 
610 2 0 |a Čína 
610 2 0 |a svet 
100 1 |a Fertaľová, Mária